[Event "DEM U18w"]
[Site "Willingen"]
[Date "2006.06.06"]
[Round "5.7"]
[White "Reiske, Anne"]
[Black "Dauer, Christina"]
[Result "1/2-1/2"]
[WhiteElo "1711"]
[BlackElo "1964"]
[PlyCount "37"]
[EventDate "2006.??.??"]
[EventType "swiss"]
[EventRounds "9"]
[EventCountry "GER"]

1. e4 e6 2. d4 d5 3. e5 c5 4. c3 Nc6 5. Nf3 Qb6 6. Bd3 cxd4 7. cxd4 Bd7 8. Bc2
Nb4 9. O-O Nxc2 10. Qxc2 Rc8 11. Nc3 Ne7 12. Be3 Nc6 13. Qd2 Bb4 14. Rac1 O-O
15. h3 Na5 16. Bg5 Nc6 17. Bf6 gxf6 18. Qh6 Kh8 19. Qxf6+ 1/2-1/2

[Event "DEM U18w"]
[Site "Willingen"]
[Date "2006.06.06"]
[Round "5.8"]
[White "Hafner, Katrin"]
[Black "Schulze, Dorothee"]
[Result "1/2-1/2"]
[WhiteElo "1565"]
[BlackElo "1946"]
[PlyCount "63"]
[EventDate "2006.??.??"]
[EventType "swiss"]
[EventRounds "9"]
[EventCountry "GER"]

1. e4 c5 2. Nf3 d6 3. d4 cxd4 4. Nxd4 Nf6 5. Nc3 g6 6. Be3 Bg7 7. f3 O-O 8. Qd2
Nc6 9. Bc4 Bd7 10. O-O-O Rb8 11. Bb3 Na5 12. Bh6 Bxh6 13. Qxh6 b5 14. h4 Kh8
15. h5 g5 16. Qxg5 Rg8 17. Qd2 Nc4 18. Qe2 Qb6 19. g4 a5 20. Nd5 Nxd5 21. exd5
Ne5 22. c3 b4 23. c4 Rbc8 24. Bc2 Rxc4 25. Qe4 Rg7 26. h6 Rg6 27. Kb1 e6 28.
Qf4 Rxc2 29. Nxc2 b3 30. axb3 Qxb3 31. Qd4 Qxf3 32. dxe6 1/2-1/2

[Event "DEM U18w"]
[Site "Willingen"]
[Date "2006.06.06"]
[Round "5.9"]
[White "Schott, Peggy"]
[Black "Wirths, Clara"]
[Result "1/2-1/2"]
[WhiteElo "1600"]
[BlackElo "1935"]
[PlyCount "37"]
[EventDate "2006.??.??"]
[EventType "swiss"]
[EventRounds "9"]
[EventCountry "GER"]

1. d4 Nf6 2. c4 e6 3. Nc3 Bb4 4. Bd2 b6 5. e3 Bb7 6. Nf3 O-O 7. Bd3 d5 8. cxd5
exd5 9. O-O Re8 10. Qc2 c5 11. b3 Nc6 12. a3 Bxc3 13. Bxc3 Ne4 14. Bb2 Rc8 15.
Qd1 Qe7 16. Rc1 Na5 17. dxc5 Nxc5 18. Nd4 Ne6 19. Nf5 1/2-1/2

[Event "DEM U18w"]
[Site "Willingen"]
[Date "2006.06.06"]
[Round "5.10"]
[White "Rath, Alina"]
[Black "Völschow, Toni"]
[Result "1-0"]
[WhiteElo "1853"]
[BlackElo "1850"]
[PlyCount "113"]
[EventDate "2006.??.??"]
[EventType "swiss"]
[EventRounds "9"]
[EventCountry "GER"]

1. c4 e5 2. Nc3 Nc6 3. g3 g6 4. Bg2 Bg7 5. e4 d6 6. Nge2 Nge7 7. d3 Be6 8. Be3
Qd7 9. Nd5 Nd4 10. h3 c6 11. Ndc3 f5 12. b3 O-O 13. Qd2 Nxe2 14. Qxe2 f4 15.
Bd2 Rf7 16. g4 Raf8 17. Bf3 d5 18. exd5 cxd5 19. O-O-O Rc8 20. Kb1 a6 21. Na4
Qd6 22. c5 Qc6 23. Rc1 Qb5 24. Bc3 e4 25. dxe4 Qxe2 26. Bxe2 dxe4 27. Bxg7 Kxg7
28. Rhe1 e3 29. fxe3 fxe3 30. Nb6 Re8 31. Bd1 Nd5 32. Nc4 Rfe7 33. Bf3 Nf4 34.
Rxe3 Bxc4 35. Rxe7+ Rxe7 36. Rxc4 Nd3 37. Rc3 Re1+ 38. Kc2 Nb4+ 39. Kb2 Re7 40.
a3 Nc6 41. Bxc6 bxc6 42. Rd3 Re5 43. b4 a5 44. Kb3 h5 45. gxh5 Rxh5 46. Ka4
axb4 47. Kxb4 Kf7 48. a4 Rh4+ 49. Ka5 Rc4 50. Kb6 Rxa4 51. Kxc6 Rc4 52. Kb6
Rb4+ 53. Kc7 Ke6 54. c6 Rc4 55. Rd6+ Kf5 56. Kd7 Rh4 57. c7 1-0

[Event "DEM U18w"]
[Site "Willingen"]
[Date "2006.06.06"]
[Round "5.11"]
[White "Tischer, Jana"]
[Black "Janiesch, Maike"]
[Result "1-0"]
[WhiteElo "1835"]
[BlackElo "1637"]
[PlyCount "45"]
[EventDate "2006.??.??"]
[EventType "swiss"]
[EventRounds "9"]
[EventCountry "GER"]

1. e4 d6 2. d4 Nf6 3. Nc3 g6 4. Nf3 Bg7 5. Be3 O-O 6. Qd2 Ng4 7. Bg5 b6 8.
O-O-O Bb7 9. h3 Nf6 10. Bd3 c5 11. dxc5 dxc5 12. e5 Nh5 13. Qe2 Qc7 14. g4 Bxe5
15. Qxe5 Qxe5 16. Nxe5 f6 17. gxh5 fxg5 18. f3 gxh5 19. Be4 Bxe4 20. Nxe4 h6
21. h4 Kg7 22. hxg5 hxg5 23. Rxh5 1-0

[Event "DEM U18w"]
[Site "Willingen"]
[Date "2006.06.06"]
[Round "5.12"]
[White "Tovmasian, Nelli"]
[Black "Hammerich, Nadine"]
[Result "1-0"]
[WhiteElo "1813"]
[BlackElo "1529"]
[PlyCount "73"]
[EventDate "2006.??.??"]
[EventType "swiss"]
[EventRounds "9"]
[EventCountry "GER"]

1. c4 Nc6 2. g3 e5 3. Bg2 Bc5 4. e3 Nge7 5. Nc3 d6 6. Nge2 O-O 7. O-O a6 8. a3
Bg4 9. b4 Bxe2 10. Nxe2 Bb6 11. Qb3 Rb8 12. Bb2 Kh8 13. Rad1 Nf5 14. d4 exd4
15. exd4 Nce7 16. Nf4 c6 17. Rfe1 Bc7 18. d5 c5 19. Qc3 Ng8 20. Be4 Nd4 21. Ne2
Nxe2+ 22. Rxe2 Nf6 23. g4 Rg8 24. Bf5 h6 25. Rd3 Nh7 26. Rh3 f6 27. Bc1 Qf8 28.
Bg6 Rd8 29. g5 Rd7 30. Re8 Qxe8 31. Bxe8 Rxe8 32. gxf6 gxf6 33. Rxh6 Rg7+ 34.
Kf1 Bd8 35. Bb2 Re5 36. Qf3 Reg5 37. Bxf6 1-0

[Event "DEM U18w"]
[Site "Willingen"]
[Date "2006.06.06"]
[Round "5.13"]
[White "Schöttler, Katharina"]
[Black "Breitwieser, Jasmin"]
[Result "1/2-1/2"]
[WhiteElo "1655"]
[BlackElo "1338"]
[PlyCount "91"]
[EventDate "2006.??.??"]
[EventType "swiss"]
[EventRounds "9"]
[EventCountry "GER"]

1. e4 e5 2. Bc4 Nf6 3. d3 Nc6 4. Nf3 d6 5. Ng5 d5 6. exd5 Na5 7. Qe2 Nxc4 8.
dxc4 Bd6 9. c5 Be7 10. c4 O-O 11. Qxe5 Bxc5 12. O-O Re8 13. Qf4 Bd6 14. Qd2 Qe7
15. Nf3 Qe4 16. Qd4 Bg4 17. Qxe4 Rxe4 18. Nfd2 Re7 19. Nc3 Bf5 20. Nf3 Bd3 21.
Rd1 Bxc4 22. b3 Ba6 23. h3 h6 24. Be3 b6 25. Rac1 Rd8 26. Nd4 Bb7 27. Nc6 Bxc6
28. dxc6 a6 29. Rd2 Rde8 30. Nd5 Nxd5 31. Rxd5 Re5 32. Rcd1 Rxd5 33. Rxd5 Re5
34. Rd3 Re6 35. Rc3 Kf8 36. Kf1 Ke7 37. Rd3 Re5 38. Bd4 Rd5 39. Bf6+ Ke6 40.
Rxd5 Kxd5 41. Bxg7 h5 42. Ke2 Kxc6 43. g4 hxg4 44. hxg4 Kd5 45. Kd3 Bf4 46. f3
1/2-1/2

[Event "DEM U18w"]
[Site "Willingen"]
[Date "2006.06.06"]
[Round "6.1"]
[White "Hoolt, Sarah"]
[Black "Winkelmann, Elena"]
[Result "1-0"]
[WhiteElo "2145"]
[BlackElo "2055"]
[PlyCount "81"]
[EventDate "2006.??.??"]
[EventType "swiss"]
[EventRounds "9"]
[EventCountry "GER"]

1. e4 d5 2. exd5 Qxd5 3. Nc3 Qd6 4. d4 Nf6 5. Bg5 a6 6. Bd3 e6 7. Bxf6 gxf6 8.
Ne4 Qd8 9. Qh5 Nd7 10. O-O-O Be7 11. Nf3 h6 12. g4 b5 13. Rhe1 Bb7 14. Nh4 Nb6
15. Nc5 Qd5 16. Nxb7 Qxb7 17. Rxe6 Kf8 18. Be4 Qc8 19. Rxe7 Kxe7 20. Bxa8 Qxa8
21. Re1+ Kf8 22. Qc5+ Kg7 23. Nf5+ Kg6 24. Qxc7 Nd5 25. Qg3 Re8 26. Rxe8 Qxe8
27. Kd2 Qf8 28. Qd6 Qxd6 29. Nxd6 Kg5 30. h3 Kh4 31. Nxf7 h5 32. gxh5 Kxh5 33.
b3 b4 34. Nd8 Kh4 35. Nc6 Kxh3 36. Kd3 Kg2 37. Ke4 Nc7 38. Nxb4 Kxf2 39. d5 Kg3
40. Kf5 Ne8 41. Nxa6 1-0

[Event "DEM U18w"]
[Site "Willingen"]
[Date "2006.06.06"]
[Round "6.2"]
[White "Butschek, Tanja"]
[Black "Nuber, Helene"]
[Result "1-0"]
[WhiteElo "2025"]
[BlackElo "2042"]
[PlyCount "87"]
[EventDate "2006.??.??"]
[EventType "swiss"]
[EventRounds "9"]
[EventCountry "GER"]

1. e4 e6 2. d4 d5 3. Nc3 Nc6 4. e5 f6 5. Bb5 Bd7 6. Nf3 fxe5 7. Bxc6 Bxc6 8.
Nxe5 Nf6 9. Bg5 Bd6 10. Qe2 Qe7 11. O-O-O Bb4 12. Rd3 Bd7 13. Bxf6 Qxf6 14.
Nxd5 exd5 15. Nc6+ Kf8 16. Nxb4 Bb5 17. Nxd5 Bxd3 18. Qxd3 Qg5+ 19. Ne3 g6 20.
h4 Qa5 21. Qb3 Kg7 22. h5 Rhf8 23. hxg6 hxg6 24. Qe6 Rxf2 25. Nc4 Qg5+ 26. Kb1
Raf8 27. a3 Rf1+ 28. Rxf1 Rxf1+ 29. Ka2 Qf6 30. Qe4 Qf7 31. b3 Rf4 32. Qe3 Qf6
33. Ne5 Rf2 34. Ng4 Rxc2+ 35. Kb1 Qf5 36. Qh6+ Kf7 37. Ne3 Qd3 38. Nxc2 Qxb3+
39. Kc1 Qc4 40. Qf4+ Kg7 41. g4 b5 42. g5 Qc6 43. Qe5+ Kh7 44. Qc5 1-0

[Event "DEM U18w"]
[Site "Willingen"]
[Date "2006.06.06"]
[Round "6.3"]
[White "Laake, Jasmin"]
[Black "Dietzen, Corinna"]
[Result "1-0"]
[WhiteElo "1976"]
[BlackElo "1949"]
[PlyCount "115"]
[EventDate "2006.??.??"]
[EventType "swiss"]
[EventRounds "9"]
[EventCountry "GER"]

1. e4 e5 2. Nf3 Nf6 3. Nxe5 d6 4. Nf3 Nxe4 5. Nc3 Nxc3 6. dxc3 Be7 7. Bd3 Nd7
8. Bf4 Nc5 9. Be2 Bg4 10. h3 Bh5 11. Qd2 O-O 12. O-O-O Ne6 13. Be3 c5 14. g4
Bg6 15. h4 Qa5 16. Kb1 Rac8 17. h5 Be4 18. Rhg1 d5 19. Ng5 Nxg5 20. Bxg5 Bxg5
21. Qxg5 h6 22. Qf4 Rfe8 23. Bd3 Qc7 24. Qd2 Bxd3 25. Qxd3 Rcd8 26. g5 Qf4 27.
gxh6 Qxh6 28. Qf5 Qe6 29. Qg5 Qe5 30. Qg2 Re6 31. f4 Qf6 32. Rxd5 Rxd5 33. Qxd5
Qxf4 34. Qxc5 Qe3 35. Qxe3 Rxe3 36. Kc1 Kh7 37. Rd1 Re7 38. Rd5 Kh6 39. b4 f6
40. Kd2 Rf7 41. Ra5 b6 42. Rf5 Re7 43. c4 Re6 44. Kd3 g5 45. hxg6 Kxg6 46. Rf2
f5 47. Kd4 Kg5 48. Kd5 Re3 49. c5 f4 50. c4 Kg4 51. c6 Kg3 52. Rf1 f3 53. c7
Re8 54. Kd6 Kg2 55. Rb1 f2 56. Kd7 Re1 57. Rb2 Kg1 58. Rxf2 1-0

[Event "DEM U18w"]
[Site "Willingen"]
[Date "2006.06.06"]
[Round "6.4"]
[White "Großmann, Susan"]
[Black "Albano Jeremias, Bianca"]
[Result "1/2-1/2"]
[WhiteElo "2062"]
[BlackElo "1971"]
[PlyCount "55"]
[EventDate "2006.??.??"]
[EventType "swiss"]
[EventRounds "9"]
[EventCountry "GER"]

1. d4 Nf6 2. c4 e6 3. Nc3 d5 4. Bg5 Be7 5. e3 h6 6. Bf4 c6 7. cxd5 exd5 8. Bd3
O-O 9. Qc2 Be6 10. h3 Bd6 11. Nge2 Bxf4 12. Nxf4 Qd6 13. O-O-O Nbd7 14. Kb1 b5
15. g4 Rfc8 16. Rhg1 b4 17. Nce2 c5 18. dxc5 Rxc5 19. Qd2 Ne5 20. Nd4 Nxd3 21.
Nxd3 Ne4 22. Qxb4 Rb8 23. Qe1 Nc3+ 24. Ka1 Nxd1 25. Nxc5 Nxb2 26. Ncb3 Nc4 27.
Qe2 a5 28. Nd2 1/2-1/2

[Event "DEM U18w"]
[Site "Willingen"]
[Date "2006.06.06"]
[Round "6.6"]
[White "Fuchs, Maria"]
[Black "Hofmann, Annett"]
[Result "1-0"]
[WhiteElo "1758"]
[BlackElo "2004"]
[PlyCount "63"]
[EventDate "2006.??.??"]
[EventType "swiss"]
[EventRounds "9"]
[EventCountry "GER"]

1. d4 Nf6 2. c4 g6 3. Nc3 d5 4. cxd5 Nxd5 5. e4 Nxc3 6. bxc3 c5 7. Be3 Bg7 8.
Bc4 O-O 9. Ne2 Nc6 10. a4 cxd4 11. cxd4 Qa5+ 12. Qd2 Qxd2+ 13. Kxd2 Rd8 14. Kc3
b6 15. Rac1 Bb7 16. f3 Na5 17. Ba2 Bc6 18. Bb3 b5 19. Kb4 Nxb3 20. Rxc6 Nxd4
21. Bxd4 Bxd4 22. axb5 Be3 23. Nc3 Rd4+ 24. Rc4 Rad8 25. Nd5 Bd2+ 26. Kb3 Rxc4
27. Kxc4 Kf8 28. Rd1 Bh6 29. Rd3 Rc8+ 30. Kb3 e6 31. Nb4 Ke8 32. Rd6 1-0

[Event "DEM U18w"]
[Site "Willingen"]
[Date "2006.06.06"]
[Round "6.7"]
[White "Dauer, Christina"]
[Black "Hafner, Katrin"]
[Result "1-0"]
[WhiteElo "1964"]
[BlackElo "1565"]
[PlyCount "65"]
[EventDate "2006.??.??"]
[EventType "swiss"]
[EventRounds "9"]
[EventCountry "GER"]

1. e4 e6 2. b3 d5 3. Bb2 c5 4. d3 Nc6 5. Nd2 d4 6. f4 e5 7. fxe5 Nxe5 8. Ndf3
Bd6 9. Qd2 Ne7 10. Nxe5 Bxe5 11. Nf3 Nc6 12. Be2 Qc7 13. Nxe5 Qxe5 14. O-O O-O
15. h3 a5 16. Kh1 f5 17. Rf2 Be6 18. exf5 Bxf5 19. Raf1 b6 20. Bf3 Bd7 21. Be4
Rae8 22. Rxf8+ Rxf8 23. Bxh7+ Kxh7 24. Rxf8 Ne7 25. Rf1 Nd5 26. Bc1 Bc6 27. Qg5
Qe8 28. Qh4+ Kg8 29. Re1 Qf8 30. Kg1 Qf7 31. Qg4 Bd7 32. Qg3 Be6 33. Qd6 1-0

[Event "DEM U18w"]
[Site "Willingen"]
[Date "2006.06.06"]
[Round "6.8"]
[White "Schulze, Dorothee"]
[Black "Gasch, Franziska"]
[Result "0-1"]
[WhiteElo "1946"]
[BlackElo "1860"]
[PlyCount "63"]
[EventDate "2006.??.??"]
[EventType "swiss"]
[EventRounds "9"]
[EventCountry "GER"]

1. e4 c5 2. Nf3 e6 3. d4 cxd4 4. Nxd4 a6 5. a4 Qc7 6. Bd3 b6 7. O-O Bb7 8. Nc3
Nf6 9. Re1 d6 10. Bg5 Be7 11. Qd2 Nbd7 12. Rad1 O-O 13. f4 h6 14. Bxf6 Bxf6 15.
Nde2 Rad8 16. Rf1 Nc5 17. b4 Nxd3 18. cxd3 e5 19. Rc1 Qb8 20. Qa2 d5 21. Nxd5
Bxd5 22. exd5 exf4 23. Nxf4 Bd4+ 24. Kh1 Be3 25. Rc4 Rfe8 26. g3 Rd7 27. Re4
Bxf4 28. Rxe8+ Qxe8 29. Rxf4 Re7 30. Rf2 Qd7 31. a5 Qh3 32. Re2 0-1

[Event "DEM U18w"]
[Site "Willingen"]
[Date "2006.06.06"]
[Round "6.9"]
[White "Reiske, Anne"]
[Black "Wirths, Clara"]
[Result "1-0"]
[WhiteElo "1711"]
[BlackElo "1935"]
[PlyCount "65"]
[EventDate "2006.??.??"]
[EventType "swiss"]
[EventRounds "9"]
[EventCountry "GER"]

1. e4 c5 2. Nf3 d6 3. d4 cxd4 4. Nxd4 Nf6 5. Nc3 a6 6. Be3 e6 7. Bd3 Be7 8. f3
Nbd7 9. Qd2 Qc7 10. g4 h6 11. h4 b5 12. O-O-O g6 13. Bxh6 Ne5 14. Be3 Bd7 15.
Rdg1 Rb8 16. h5 gxh5 17. g5 Ng8 18. f4 Nxd3+ 19. Qxd3 b4 20. Nce2 a5 21. g6 Nf6
22. gxf7+ Kxf7 23. e5 Ng4 24. Rxg4 hxg4 25. Rh7+ Rxh7 26. Qxh7+ Ke8 27. Qg6+
Kf8 28. f5 Bg5 29. Bxg5 dxe5 30. Nxe6+ Bxe6 31. Bh6+ Ke7 32. Qxe6+ Kd8 33. Bg5+
1-0

[Event "DEM U18w"]
[Site "Willingen"]
[Date "2006.06.06"]
[Round "6.10"]
[White "Tovmasian, Nelli"]
[Black "Tischer, Jana"]
[Result "0-1"]
[WhiteElo "1813"]
[BlackElo "1835"]
[PlyCount "88"]
[EventDate "2006.??.??"]
[EventType "swiss"]
[EventRounds "9"]
[EventCountry "GER"]

1. e4 c5 2. Nf3 Nc6 3. Nc3 g6 4. Bc4 Bg7 5. O-O e6 6. d4 cxd4 7. Nb5 d6 8.
Nfxd4 Nxd4 9. Nxd4 a6 10. a4 Ne7 11. Ra3 O-O 12. Ne2 Qc7 13. Ba2 Bd7 14. c3 Bc6
15. Qc2 d5 16. exd5 Nxd5 17. Nd4 Rfd8 18. Nxc6 Qxc6 19. Bxd5 Qxd5 20. Be3 Qc6
21. Qe2 Rd5 22. Raa1 Rad8 23. h3 Bf6 24. Qg4 h5 25. Qe4 Rc5 26. Qb4 Rcd5 27.
Qe4 Rc5 28. Qxc6 Rxc6 29. Rfd1 Rcd6 30. Rxd6 Rxd6 31. Kf1 Rd5 32. Ke2 Kf8 33.
Rd1 Rxd1 34. Kxd1 Ke7 35. Kd2 Kd6 36. Kd3 b5 37. a5 Kd5 38. Bb6 Be7 39. b4 e5
40. f3 f5 41. Ba7 e4+ 42. Ke3 Bg5+ 43. f4 Bf6 44. Kd2 Kc4 0-1

[Event "DEM U18w"]
[Site "Willingen"]
[Date "2006.06.06"]
[Round "6.12"]
[White "Hammerich, Nadine"]
[Black "Schöttler, Katharina"]
[Result "0-1"]
[WhiteElo "1529"]
[BlackElo "1655"]
[PlyCount "40"]
[EventDate "2006.??.??"]
[EventType "swiss"]
[EventRounds "9"]
[EventCountry "GER"]

1. d4 Nf6 2. c4 e6 3. Nc3 d5 4. Nf3 c6 5. cxd5 exd5 6. Bg5 Bf5 7. g3 Nbd7 8.
Ne5 Be7 9. Nxd7 Qxd7 10. Bg2 O-O 11. O-O h6 12. Bd2 Rfe8 13. Re1 Rac8 14. Rc1
Bd6 15. Na4 Ne4 16. Ba5 Qe7 17. Bxe4 Qxe4 18. Nc5 Bxc5 19. dxc5 Bh3 20. f3 Qe3+
0-1

[Event "DEM U18w"]
[Site "Willingen"]
[Date "2006.06.06"]
[Round "6.13"]
[White "Janiesch, Maike"]
[Black "Breitwieser, Jasmin"]
[Result "1/2-1/2"]
[WhiteElo "1637"]
[BlackElo "1338"]
[PlyCount "73"]
[EventDate "2006.??.??"]
[EventType "swiss"]
[EventRounds "9"]
[EventCountry "GER"]

1. d4 d5 2. c4 c6 3. cxd5 cxd5 4. Nc3 Nf6 5. Bf4 Bf5 6. e3 Nc6 7. Qb3 Na5 8.
Bb5+ Bd7 9. Qa4 Nc6 10. Nf3 a6 11. Bxc6 Bxc6 12. Qb3 e6 13. O-O Be7 14. Ne5 Nd7
15. Rfc1 Nxe5 16. Bxe5 O-O 17. Na4 Bxa4 18. Qxa4 b5 19. Qb3 Rc8 20. Rc3 b4 21.
Rc2 Qd7 22. Rac1 Rxc2 23. Rxc2 Bd6 24. Bxd6 Qxd6 25. Qa4 e5 26. Qc6 Qxc6 27.
Rxc6 exd4 28. exd4 Re8 29. Kf1 Kf8 30. Rd6 Rc8 31. Rxd5 Rc1+ 32. Ke2 Rc2+ 33.
Ke3 Rxb2 34. Ra5 b3 35. axb3 Rxb3+ 36. Ke4 Rb6 37. h3 1/2-1/2

[Event "DEM U18w"]
[Site "Willingen"]
[Date "2006.06.07"]
[Round "7.1"]
[White "Winkelmann, Elena"]
[Black "Butschek, Tanja"]
[Result "1/2-1/2"]
[WhiteElo "2055"]
[BlackElo "2025"]
[PlyCount "101"]
[EventDate "2006.??.??"]
[EventType "swiss"]
[EventRounds "9"]
[EventCountry "GER"]

1. d4 f5 2. Nc3 Nf6 3. Bg5 d5 4. f3 g6 5. Qd2 c6 6. Nh3 Qd6 7. e3 e5 8. dxe5
Qxe5 9. O-O-O Bg7 10. Bf4 Qe7 11. e4 fxe4 12. fxe4 Bxh3 13. gxh3 Qb4 14. a3 Qa5
15. exd5 O-O 16. d6 Nbd7 17. Bc4+ Kh8 18. Rhe1 b5 19. Be6 b4 20. Nb1 Rab8 21.
Bh6 Nc5 22. Bxg7+ Kxg7 23. Qd4 Na4 24. Bb3 bxa3 25. Nxa3 Qg5+ 26. Qd2 Qxd2+ 27.
Rxd2 Nc5 28. Re7+ Kh6 29. Be6 Nfe4 30. Rd1 Nxe6 31. Rxe6 Nc5 32. Re7 Rb7 33.
Rxb7 Nxb7 34. Nc4 Kg7 35. Ne5 Nd8 36. c4 Rf5 37. Nd3 Rf3 38. Kc2 Rxh3 39. Rd2
h5 40. Kc3 Rf3 41. b4 g5 42. Ra2 Kf6 43. Rxa7 Rh3 44. Ra2 Ne6 45. Rd2 h4 46.
Kb2 Rf3 47. b5 cxb5 48. cxb5 Rf5 49. Rf2 Rxf2+ 50. Nxf2 Kf5 51. b6 1/2-1/2

[Event "DEM U18w"]
[Site "Willingen"]
[Date "2006.06.07"]
[Round "7.3"]
[White "Gasch, Franziska"]
[Black "Laake, Jasmin"]
[Result "0-1"]
[WhiteElo "1860"]
[BlackElo "1976"]
[PlyCount "62"]
[EventDate "2006.??.??"]
[EventType "swiss"]
[EventRounds "9"]
[EventCountry "GER"]

1. e4 c5 2. d3 d6 3. g3 g6 4. Bg2 Bg7 5. f4 Nc6 6. Nf3 e6 7. O-O Nge7 8. Nc3
O-O 9. Be3 Nd4 10. e5 Nef5 11. Bf2 Bd7 12. Ne4 Nxf3+ 13. Bxf3 dxe5 14. Bxc5
exf4 15. Bxf8 Kxf8 16. Qd2 Qb6+ 17. Kh1 fxg3 18. hxg3 Bc6 19. Rg1 Bd4 20. Rg2
Qxb2 21. Re1 Be5 22. Qf2 Bd4 23. Qd2 Kg8 24. Ng5 Bxf3 25. Nxf3 Bc3 26. Qc1 Qxa2
27. Re4 Qd5 28. Qa3 Bg7 29. Nd2 Nxg3+ 30. Rxg3 f5 31. c4 Qc6 0-1

[Event "DEM U18w"]
[Site "Willingen"]
[Date "2006.06.07"]
[Round "7.4"]
[White "Nuber, Helene"]
[Black "Chin, Karin"]
[Result "1/2-1/2"]
[WhiteElo "2042"]
[BlackElo "2008"]
[PlyCount "128"]
[EventDate "2006.??.??"]
[EventType "swiss"]
[EventRounds "9"]
[EventCountry "GER"]

1. e4 e6 2. d4 d5 3. Nd2 Nf6 4. e5 Nfd7 5. Bd3 c5 6. c3 Nc6 7. Ngf3 cxd4 8.
cxd4 Qb6 9. O-O Nxd4 10. Nxd4 Qxd4 11. Nf3 Qb6 12. Qa4 Qb4 13. Qc2 Be7 14. Bd2
Qb6 15. Rac1 h6 16. Qa4 Qd8 17. Qg4 Kf8 18. Rfe1 Nc5 19. Bb1 Bd7 20. Nd4 Rc8
21. Rc3 h5 22. Qf3 Kg8 23. Qf4 Qf8 24. Rg3 f5 25. exf6 Bxf6 26. b4 Ne4 27. Bxe4
Bxd4 28. Qxf8+ Rxf8 29. Bf3 h4 30. Rg6 Rf6 31. Rxf6 gxf6 32. Bg4 Kf7 33. Kf1
Bb5+ 34. Be2 Bxe2+ 35. Kxe2 e5 36. Rc1 Re8 37. g3 hxg3 38. hxg3 Re7 39. Rh1 Ke6
40. Rh6 Rf7 41. Rh8 Kd6 42. Rd8+ Kc6 43. a4 a6 44. Rc8+ Kd7 45. Rb8 Kc7 46. Rh8
b5 47. a5 Kb7 48. Rd8 Kc6 49. Ra8 Ba7 50. Rc8+ Kd6 51. Rd8+ Ke6 52. g4 Rb7 53.
Re8+ Kd7 54. Rf8 Ke7 55. Rh8 Rc7 56. Rh7+ Kd6 57. Rh6 Rf7 58. g5 Bd4 59. f4 Ke6
60. fxe5 Kxe5 61. gxf6 Rxf6 62. Rh5+ Ke6 63. Rh4 Be5 64. Rh7 Kf5 1/2-1/2

[Event "DEM U18w"]
[Site "Willingen"]
[Date "2006.06.07"]
[Round "7.5"]
[White "Dietzen, Corinna"]
[Black "Dauer, Christina"]
[Result "1-0"]
[WhiteElo "1949"]
[BlackElo "1964"]
[PlyCount "83"]
[EventDate "2006.??.??"]
[EventType "swiss"]
[EventRounds "9"]
[EventCountry "GER"]

1. c4 e6 2. Nc3 Nf6 3. Nf3 d5 4. cxd5 exd5 5. d4 c6 6. Qc2 Bd6 7. Bg5 h6 8. Bh4
g6 9. e3 Bf5 10. Bd3 Bxd3 11. Qxd3 Nbd7 12. O-O O-O 13. Rab1 Qc7 14. b4 Rae8
15. b5 Ne4 16. Rfc1 g5 17. Bg3 Bxg3 18. hxg3 Ndf6 19. bxc6 bxc6 20. Ne5 Qd6 21.
Nxe4 dxe4 22. Qa6 Rxe5 23. dxe5 Qxe5 24. Rxc6 Ng4 25. Qxa7 Rd8 26. Qc7 Qd5 27.
Rcc1 Qd2 28. Rf1 Kg7 29. Rb7 Rf8 30. a4 Qd5 31. Qd7 Qxd7 32. Rxd7 Ra8 33. Ra1
Ne5 34. Rc7 Ra5 35. Rb7 Nd3 36. Rb5 Ra6 37. a5 Rf6 38. a6 Rxf2 39. a7 Re2 40.
a8=Q Rxe3 41. Rf1 Rxg3 42. Qxe4 1-0

[Event "DEM U18w"]
[Site "Willingen"]
[Date "2006.06.07"]
[Round "7.6"]
[White "Albano Jeremias, Bianca"]
[Black "Reiske, Anne"]
[Result "1/2-1/2"]
[WhiteElo "1971"]
[BlackElo "1711"]
[PlyCount "52"]
[EventDate "2006.??.??"]
[EventType "swiss"]
[EventRounds "9"]
[EventCountry "GER"]

1. e4 e5 2. Nf3 Nf6 3. Nxe5 d6 4. Nf3 Nxe4 5. Nc3 Nf6 6. d4 d5 7. Bg5 Be7 8.
Bd3 Nc6 9. a3 Be6 10. Qd2 h6 11. Be3 a6 12. h3 Bd6 13. O-O-O Qd7 14. Bf4 O-O-O
15. Bxd6 Qxd6 16. Na4 Nd7 17. Kb1 b5 18. Nc3 Na7 19. Rhe1 Kb7 20. Na2 Qb6 21.
Nb4 a5 22. Na2 Nc6 23. b3 Na7 24. Nc3 c5 25. dxc5 Nxc5 26. Nd4 b4 1/2-1/2

[Event "DEM U18w"]
[Site "Willingen"]
[Date "2006.06.07"]
[Round "7.7"]
[White "Tischer, Jana"]
[Black "Fuchs, Maria"]
[Result "0-1"]
[WhiteElo "1835"]
[BlackElo "1758"]
[PlyCount "138"]
[EventDate "2006.??.??"]
[EventType "swiss"]
[EventRounds "9"]
[EventCountry "GER"]

1. e4 c5 2. Nf3 Nc6 3. d4 cxd4 4. Nxd4 g6 5. Nc3 Bg7 6. Be3 d6 7. Bc4 Nf6 8.
Bb3 O-O 9. f3 Bd7 10. Qd2 Qa5 11. O-O-O Rac8 12. h4 Ne5 13. Nd5 Qxd2+ 14. Rxd2
Nxd5 15. exd5 Nc4 16. Bxc4 Rxc4 17. g4 Rfc8 18. Kb1 Be5 19. Nb3 Bf4 20. Re1
Bxe3 21. Rxe3 Kf8 22. Rde2 Re8 23. Re4 Rxe4 24. Rxe4 f5 25. Rc4 Rc8 26. Rf4 b5
27. gxf5 Bxf5 28. Nd4 Kg7 29. Nxf5+ gxf5 30. Rxf5 Kg6 31. Rg5+ Kf6 32. Rg4 Rc5
33. Rf4+ Kg6 34. Rd4 Kf5 35. Kc1 Rc4 36. Rxc4 bxc4 37. Kd2 Ke5 38. Ke3 Kxd5 39.
c3 Ke5 40. f4+ Kd5 41. Kf3 a5 42. Ke3 a4 43. Kf3 Kc5 44. Ke4 e6 45. a3 h5 46.
Kf3 d5 47. Ke3 Kc6 48. Ke2 Kd6 49. Kf3 Ke7 50. Ke3 Kf6 51. Kf2 Kf5 52. Kf3 e5
53. fxe5 Kxe5 54. Ke3 Kf5 55. Kf3 Ke5 56. Ke3 d4+ 57. cxd4+ Kd5 58. Kf4 Kxd4
59. Kg5 Kd3 60. Kxh5 Kc2 61. Kg6 Kxb2 62. h5 c3 63. h6 c2 64. h7 c1=Q 65. h8=Q+
Kxa3 66. Qf8+ Ka2 67. Qf7+ Ka1 68. Qf6+ Qb2 69. Qf1+ Qb1+ 0-1

[Event "DEM U18w"]
[Site "Willingen"]
[Date "2006.06.07"]
[Round "7.8"]
[White "Hofmann, Annett"]
[Black "Schulze, Dorothee"]
[Result "1/2-1/2"]
[WhiteElo "2004"]
[BlackElo "1946"]
[PlyCount "118"]
[EventDate "2006.??.??"]
[EventType "swiss"]
[EventRounds "9"]
[EventCountry "GER"]

1. e4 c5 2. Na3 Nc6 3. Bb5 d6 4. c3 Bd7 5. Qe2 Nf6 6. f4 e6 7. Nf3 Be7 8. O-O
O-O 9. Kh1 a6 10. Bxc6 Bxc6 11. e5 Nd5 12. d3 b5 13. Nc2 Qd7 14. exd6 Qxd6 15.
Ne5 Bb7 16. Bd2 Rfd8 17. d4 cxd4 18. Nxd4 Rac8 19. Rae1 Bf6 20. Qh5 Rc7 21.
Ndf3 g6 22. Qh3 Bg7 23. Ng5 h6 24. Ne4 Qb6 25. Qg3 Re7 26. h4 f5 27. Nf2 Bxe5
28. fxe5 Kh7 29. Nh3 Qc6 30. Rf2 Red7 31. Nf4 Rg7 32. Ne2 Rh8 33. Kg1 Qd7 34.
Nd4 Qe7 35. Rc1 g5 36. hxg5 hxg5 37. b3 Kg8 38. c4 f4 39. Qd3 Rgh7 40. Rff1
bxc4 41. bxc4 Nc7 42. Qg6+ Qg7 43. Qxg7+ Kxg7 44. Ba5 Kg6 45. Bxc7 Rxc7 46.
Nxe6 Re7 47. Nc5 Rc8 48. Nxb7 Rxb7 49. Rfd1 Kf5 50. Rd6 Kxe5 51. Rxa6 Rbc7 52.
Ra5+ Rc5 53. Rxc5+ Rxc5 54. Kf2 g4 55. Ke2 Kd4 56. Rd1+ Kxc4 57. Rc1+ Kb4 58.
Rxc5 Kxc5 59. Kd3 Kb4 1/2-1/2

[Event "DEM U18w"]
[Site "Willingen"]
[Date "2006.06.07"]
[Round "7.9"]
[White "Wirths, Clara"]
[Black "Hafner, Katrin"]
[Result "1-0"]
[WhiteElo "1935"]
[BlackElo "1565"]
[PlyCount "79"]
[EventDate "2006.??.??"]
[EventType "swiss"]
[EventRounds "9"]
[EventCountry "GER"]

1. e4 e6 2. d4 d5 3. Nc3 Bb4 4. e5 Ne7 5. a3 Bxc3+ 6. bxc3 c5 7. Qg4 Nf5 8. Bd3
h5 9. Qf4 Qc7 10. Bd2 Nc6 11. Nf3 Na5 12. Bxf5 exf5 13. Qg5 Kf8 14. Nh4 Qe7 15.
Qxe7+ Kxe7 16. dxc5 Nc4 17. Nf3 Be6 18. Ke2 Rhc8 19. Rhb1 Rab8 20. Be3 Nxe3 21.
Kxe3 Rxc5 22. Kd3 b6 23. Nd4 Bd7 24. a4 Rbc8 25. Rb3 g5 26. Rba3 a6 27. Rb1 b5
28. axb5 axb5 29. Rbb3 R8c7 30. Ra6 Rb7 31. g3 Be6 32. f4 g4 33. Ra5 Bd7 34.
Ra6 Be6 35. Ra8 Rc8 36. Rxc8 Bxc8 37. Nxb5 f6 38. exf6+ Kxf6 39. Nd6 Rc7 40.
Ne8+ 1-0